000 00782pam a2200277 a 4500
999 _c1290
_d1290
001 617738
003 OSt
005 20190820161122.0
008 921022s1993 paua 001 0 eng c
010 _a 92048888
020 _a0683062409
040 _aDNLM/DLC
_cDLC
_dDLC
060 _aWQ 18 O14
082 0 0 _aWQ 18 O7 1990
_220
100 _aEdited by William W. Beck, Jr.
_93441
245 0 0 _aObstetrics and Gynecology
250 _a2nd ed.
260 _aLondon :
_bHarwal Pub.,
_cc1990.
300 _axvii, 433 p. :
_bill. ;
_c26 cm.
500 _aIncludes index.
650 0 _aGynecology
_93432
650 0 _aObstetrics
_93433
906 _a7
_bcbc
_corignew
_d1
_eocip
_f19
_gy-gencatlg
942 _2z
_cSLOAN